Tributes to Mavis Agbandje-McKenna: a beautiful mind and the heart of an explorer

Saved in:
Bibliographic Details
Main Authors: Almendral, José M. (Author) , Grimm, Dirk (Author)
Format: Article (Journal)
Language:English
Published: 19 Apr 2021
In: Human gene therapy
Year: 2021, Volume: 32, Issue: 7/8, Pages: 321-326
ISSN:1557-7422
DOI:10.1089/hum.2021.29158.mam
Online Access:Verlag, lizenzpflichtig, Volltext: https://doi.org/10.1089/hum.2021.29158.mam
Verlag, lizenzpflichtig, Volltext: https://www.liebertpub.com/doi/10.1089/hum.2021.29158.mam
Get full text
Author Notes:José M. Almendral, Aravind Asokan, Kenneth I. Berns, Michael Chapman, Sawati Chatterjee, Jay Chiorini, Terry Flotte, Guangping Gao, Dirk Grimm [und 17 weitere]

MARC

LEADER 00000caa a2200000 c 4500
001 1760197939
003 DE-627
005 20230428014334.0
007 cr uuu---uuuuu
008 210610s2021 xx |||||o 00| ||eng c
024 7 |a 10.1089/hum.2021.29158.mam  |2 doi 
035 |a (DE-627)1760197939 
035 |a (DE-599)KXP1760197939 
035 |a (OCoLC)1341416137 
040 |a DE-627  |b ger  |c DE-627  |e rda 
041 |a eng 
084 |a 33  |2 sdnb 
100 1 |a Almendral, José M.  |e VerfasserIn  |0 (DE-588)1227251890  |0 (DE-627)1748305700  |4 aut 
245 1 0 |a Tributes to Mavis Agbandje-McKenna  |b a beautiful mind and the heart of an explorer  |c José M. Almendral, Aravind Asokan, Kenneth I. Berns, Michael Chapman, Sawati Chatterjee, Jay Chiorini, Terry Flotte, Guangping Gao, Dirk Grimm [und 17 weitere] 
264 1 |c 19 Apr 2021 
300 |a 6 
336 |a Text  |b txt  |2 rdacontent 
337 |a Computermedien  |b c  |2 rdamedia 
338 |a Online-Ressource  |b cr  |2 rdacarrier 
500 |a Es handelt sich um Nachrufe auf Mavis Agbandje-McKenn 
500 |a Gesehen am 10.06.2021 
700 1 |a Grimm, Dirk  |e VerfasserIn  |0 (DE-588)1016476671  |0 (DE-627)70553376X  |0 (DE-576)352260645  |4 aut 
700 1 |a Agbandje-McKenna, Mavis  |e GefeierteR  |0 (DE-627)1381930581  |0 (DE-576)311930581  |4 hnr 
773 0 8 |i Enthalten in  |t Human gene therapy  |d New York, NY : Liebert, 1990  |g 32(2021), 7/8, Seite 321-326  |h Online-Ressource  |w (DE-627)306585332  |w (DE-600)1498064-2  |w (DE-576)094476950  |x 1557-7422  |7 nnas  |a Tributes to Mavis Agbandje-McKenna a beautiful mind and the heart of an explorer 
773 1 8 |g volume:32  |g year:2021  |g number:7/8  |g pages:321-326  |g extent:6  |a Tributes to Mavis Agbandje-McKenna a beautiful mind and the heart of an explorer 
856 4 0 |u https://doi.org/10.1089/hum.2021.29158.mam  |x Verlag  |x Resolving-System  |z lizenzpflichtig  |3 Volltext 
856 4 0 |u https://www.liebertpub.com/doi/10.1089/hum.2021.29158.mam  |x Verlag  |z lizenzpflichtig  |3 Volltext 
951 |a AR 
992 |a 20210610 
993 |a Article 
994 |a 2021 
998 |g 1016476671  |a Grimm, Dirk  |m 1016476671:Grimm, Dirk  |d 910000  |d 911700  |e 910000PG1016476671  |e 911700PG1016476671  |k 0/910000/  |k 1/910000/911700/  |p 9 
999 |a KXP-PPN1760197939  |e 393654154X 
BIB |a Y 
SER |a journal 
JSO |a {"language":["eng"],"id":{"doi":["10.1089/hum.2021.29158.mam"],"eki":["1760197939"]},"type":{"media":"Online-Ressource","bibl":"article-journal"},"physDesc":[{"extent":"6 S."}],"person":[{"given":"José M.","family":"Almendral","display":"Almendral, José M.","role":"aut"},{"given":"Dirk","display":"Grimm, Dirk","family":"Grimm","role":"aut"},{"role":"hnr","given":"Mavis","display":"Agbandje-McKenna, Mavis","family":"Agbandje-McKenna"}],"name":{"displayForm":["José M. Almendral, Aravind Asokan, Kenneth I. Berns, Michael Chapman, Sawati Chatterjee, Jay Chiorini, Terry Flotte, Guangping Gao, Dirk Grimm [und 17 weitere]"]},"origin":[{"dateIssuedDisp":"19 Apr 2021","dateIssuedKey":"2021"}],"note":["Es handelt sich um Nachrufe auf Mavis Agbandje-McKenn","Gesehen am 10.06.2021"],"relHost":[{"pubHistory":["1.1990 -"],"title":[{"title_sort":"Human gene therapy","title":"Human gene therapy"}],"recId":"306585332","origin":[{"dateIssuedDisp":"1990-","publisherPlace":"New York, NY","dateIssuedKey":"1990","publisher":"Liebert"}],"disp":"Tributes to Mavis Agbandje-McKenna a beautiful mind and the heart of an explorerHuman gene therapy","physDesc":[{"extent":"Online-Ressource"}],"type":{"media":"Online-Ressource","bibl":"periodical"},"language":["eng"],"id":{"issn":["1557-7422"],"zdb":["1498064-2"],"eki":["306585332"]},"part":{"pages":"321-326","text":"32(2021), 7/8, Seite 321-326","year":"2021","issue":"7/8","volume":"32","extent":"6"}}],"recId":"1760197939","title":[{"title":"Tributes to Mavis Agbandje-McKenna","title_sort":"Tributes to Mavis Agbandje-McKenna","subtitle":"a beautiful mind and the heart of an explorer"}]} 
SRT |a ALMENDRALJTRIBUTESTO1920